| 000 | 01014naa a2200265 c 4500 | ||
|---|---|---|---|
| 001 | 47926 | ||
| 003 | ES-MaCES | ||
| 005 | 20160705123035.0 | ||
| 008 | 160705s2016 sp ||||| t||||||| ||spa d | ||
| 040 |
_aES-MaCES _bspa _cES-MaCES _dES-MaCES |
||
| 100 | 1 |
_937108 _aUrrutia Libarona, Iñigo |
|
| 245 | 1 | 3 |
_aLa configuración legal de la unidad de mercado y estado autonómico _cIñigo Urrutia Libarona |
| 500 | _aResumen | ||
| 650 | 4 |
_927898 _amercado interior |
|
| 650 | 4 |
_927960 _amercado común |
|
| 650 | 4 |
_927897 _acompetencia |
|
| 650 | 4 |
_928005 _alibre comercio |
|
| 650 | 4 |
_927153 _alegislación |
|
| 650 | 4 |
_927155 _aderecho administrativo |
|
| 650 | 4 |
_930768 _aComunidades Autónomas |
|
| 653 | 1 | 0 | _aDerecho administrativo |
| 773 | 0 |
_984597 _dMadrid (Ignacio Ellacuría, 3, 28017) Civitas _o087498 _tRevista española de Derecho administrativo _w(ES-MaCES)25059 _gn. 175 (en.-marzo 2016) {10039 R. 087498} ;p. 195-236 |
|
| 902 | _aART Artículo de revista | ||
| 942 |
_2CES _cAR _h6.0.2. |
||
| 999 |
_c47926 _d47926 |
||